000 01288cab a2200205 4500
001 ##L135269
008 061009n2006 000 0 eng u
035 _a(Sirsi) u135269
041 0 _aeng
110 2 _aRoyal Institution of Chartered Surveyors
_bPublic Affairs
_94679
245 0 0 _aRICS joins Society for the Environment
260 _c2006
490 0 _aRICS Website News
_v29 September 2006
520 _aRICS has joined the Society for the Environment (SocEnv) as a constituent and licensed body. RICS will from October 2006 be able to award the chartered environmentalist (CEnv) qualification to Members and Fellows with suitable credentials. The CEnv qualification establishes professional environmentalists on a par with other professionals such as chartered engineers. SocEnv is an independent, non-political umbrella regulatory and qualifying organisation of 14 professional institutions and learned societies with a prime focus on sustainable environmental management.
590 _aIKA171006
651 4 _aUnited Kingdom
_y
690 _aCAREERS, EDUCATION AND TRAINING-RICS POST-QUALIFICATION CERTIFICATION SCHEMES
856 4 0 _uhttps://www.rics.org/RICSWEB/getpage.aspx?p=e_BibLLIQUOPTuv-Xua8Lw
_zView the announcement free of charge on www.rics.org...
942 _n0
999 _c77850
_d77850